1613 1294 1176 1135 1415 1615 1408 1623 1273 1028 1867 1194 1259 1539 1992 1231 1958 1221 1497 1819 1894 1868 1730 1006 1588 1956 1654 1954 1826 1845 1851 1420 1601 1944 1998 1010 1195 1192 1368 1928 1235 1411 1032 1801 1857 1676 1722 1516 1738 1421 1221 1626 1310 1340 1017 1636 1150 1141 1411 1042 1588 1975 1814 1633 1950 1286 1486 1587 1731 1475 1195 1001 1157 1529 1084 1836 1289 1983 1300 1654 1670 1421 1853 1952 1937 1332 1538 1477 1475 1262 1578 1232 1908 1970 1830 1458 1565 1655 1889 BCNSPRNW ULIB Ver.6.0+V

เปลี่ยนเป็นภาษาไทย

Change to English
 แสดงรายละเอียดบรรณานุกรม
  กลับหน้าหลัก

Brief Record : Get Marc (ISO 2709) : E-mail record : QR code < ปิดหน้าต่าง
LEADER : 00000nam 2200000uu 4500
001    13399114232
003     ULIB
008    120305s2554||||th 000 0 tha d
020    ^a9786167388205
060 04 ^aWA105^bC641
245 00 ^aClinical epidemiology /^cคณะบรรณาธิการ, กิตติ ต่อจรัส,สุธี พานิชกุล
250    ^aพิมพ์ครั้งที่ 1
260    ^aกรุงเทพฯ :^bโครงการตำราวิทยาลัยแพทยศาสตร์พระมงกุฏเกล้า,^c2554
300    ^a129 หน้า :^bภาพประกอบ ;^c26 ซม.
650  4 ^aระบาดวิทยา
700 0  ^aกิตติ ต่อจรัส,^eบรรณาธิการ
700 0  ^aสุธี พานิชกุล,^eบรรณาธิการ
710 2  ^aโครงการตำราวิทยาลัยแพทยศาสตร์พระมงกุฎเกล้า
945    ^p0^l0^i18901
945    ^p220^l0^i19157
995    ^aกัณชพร
999    ^aใช้งานได้ทุกระบบ
รายการนี้ยังไม่มีแท็ก
คุณยังไม่ได้ล็อกอิน คุณสามารถมีกิจกรรมร่วมกับเว็บไซต์ได้ แต่ต้องล็อกอินก่อน ::
  ล็อกอิน

รายการสื่อสารสนเทศ

ลำดับที่ ประเภท เลขเรียก/บาร์โค้ด สถานที่ สถานะ
1. วิทยาศาสตร์การแพทย์ และสุขภาพ
วิทยาศาสตร์การแพทย์ และสุขภาพ
WA105 C641  
  Barcode: 18901
ห้องสมุดวิทยาเขตนครสวรรค์
►ส่วนจัดเก็บหนังสือเก่า นว.
บนชั้น
  ขอยืม
2. วิทยาศาสตร์การแพทย์ และสุขภาพ
วิทยาศาสตร์การแพทย์ และสุขภาพ
WA105 C641 ฉ.2 
  Barcode: 19157
ห้องสมุดวิทยาเขตนครสวรรค์
►ส่วนจัดเก็บหนังสือเก่า นว.
บนชั้น
  ขอยืม

รายการใกล้เคียง
    หัวเรื่อง [ระบาดวิทยา]

BibComment


ยังไม่เคยถูกคอมเมนท์

คอมเมนท์ทรัพยากรรายการนี้
  คอมเมนท์: Clinical epidemi..


 Copyright 2026. Bcnsprnw @Library